What is Geography? (Record no. 1308306)
[ view plain ]
| 000 -LEADER | |
|---|---|
| fixed length control field | 01125nam a2200229 4500 |
| 005 - DATE AND TIME OF LATEST TRANSACTION | |
| control field | 20250329161934.0 |
| 008 - FIXED-LENGTH DATA ELEMENTS--GENERAL INFORMATION | |
| fixed length control field | 250329b |||||||| |||| 00| 0 eng d |
| 020 ## - INTERNATIONAL STANDARD BOOK NUMBER | |
| International Standard Book Number | 9781538160794 |
| 037 ## - SOURCE OF ACQUISITION | |
| Terms of availability | Textual |
| 040 ## - CATALOGING SOURCE | |
| Original cataloging agency | RTL |
| Transcribing agency | RTL |
| 084 ## - COLON CLASSIFICATION NUMBER | |
| Classification number | U R3 |
| Assigning agency | RTL |
| 100 ## - MAIN ENTRY--PERSONAL NAME | |
| Personal name | Bonnett, Alastair |
| 9 (RLIN) | 22949 |
| 245 ## - TITLE STATEMENT | |
| Title | What is Geography? |
| 250 ## - EDITION STATEMENT | |
| Edition statement | 2nd |
| 260 ## - PUBLICATION, DISTRIBUTION, ETC. | |
| Place of publication, distribution, etc. | Lanham |
| Name of publisher, distributor, etc. | Rowman & Littlefield |
| Date of publication, distribution, etc. | 2023 |
| 300 ## - PHYSICAL DESCRIPTION | |
| Extent | vi, 151p. |
| Other physical details | Includes bibliography, notes and index |
| 520 ## - SUMMARY, ETC. | |
| Summary, etc. | Geography is fundamental to understanding the way the world works. This text offers readers a short and highly accessible account of the ideas and concepts constituting geography. Including discussion of both the human and the natural realms, the text looks at key themes such as environment, space, and place—as well as geography's methods and the history of the discipline—showing us how and why they are essential for a thriving planet. |
| 650 ## - SUBJECT ADDED ENTRY--TOPICAL TERM | |
| Topical term or geographic name entry element | Environmental Geography |
| 9 (RLIN) | 751643 |
| 650 ## - SUBJECT ADDED ENTRY--TOPICAL TERM | |
| Topical term or geographic name entry element | Social Science / Social Geography |
| 9 (RLIN) | 751644 |
| 650 ## - SUBJECT ADDED ENTRY--TOPICAL TERM | |
| Topical term or geographic name entry element | Cultural Geography |
| 9 (RLIN) | 262175 |
| 942 ## - ADDED ENTRY ELEMENTS (KOHA) | |
| Source of classification or shelving scheme | Colon Classification (CC) |
| Suppress in OPAC | No |
| Koha item type | Textbook |
| Classification part | U R3 |
| Withdrawn status | Lost status | Source of classification or shelving scheme | Damaged status | Not for loan | Home library | Current library | Date acquired | Total Checkouts | Full call number | Barcode | Date last seen | Price effective from | Koha item type |
|---|---|---|---|---|---|---|---|---|---|---|---|---|---|
| Colon Classification (CC) | Ratan Tata Library | Ratan Tata Library | 2025-03-29 | U R3 | RT1528404 | 2025-03-29 | 2025-03-29 | Textbook |
